01571nam a2200445 i 450000100060000000300090000600500170001500800410003201500180007302000180009103500230010903500360013203500140016803500210018203500230020303500440022604000280027004600090029808000150030724500730032225000120039526000770040730000330048433600270051733700540054433800280059838000160062638800100064249000710065250400340072365000240075765100160078165800370079770000390083470000400087370000490091371000310096283000340099385600980102754507KOSZ 00520201217142015.0080116s2007 pl l |001 0 pol  aUWD 2008/1343 a9788374834285 a991039276859705066 a(PL-WaBN)b20506867-48omnis_nlop ab20506867 a(OCoLC)832741973 a(PL)b0000002050686 a(EXLNZ-48OMNIS_NETWORK)9910031628305606 aWA NcWA NdKOSZ 005/HR k2003 a347.2(438)00aPrawo rzeczowe /cred. Edward Gniewek ; aut. Andrzej Cisek [et al.]. a2. wyd. aWarszawa :bWydawnictwo C. H. Beck :bInstytut Nauk Prawnych PAN,c2007. aXXIII, [1], 959 s. ;c25 cm. aTekstbtxt2rdacontent aBez urządzenia pośredniczącegobn2rdamedia aWoluminbnc2rdacarrier aKsiążki a2001-1 aSystem prawa prywatnego / red. nacz. Zbigniew Radwański ;vt. 4 aBibliogr. przy rozdz. Indeks. 7aPrawo rzeczowe2DBN 7aPolska2DBN aPrawo i wymiar sprawiedliwości1 aCisek, Andrzejd(1952-2010)eAutor1 aGniewek, Edwardd(1947- )eRedakcja1 aRadwański, Zbigniewd(1924-2012)eRedakcja2 aWydawnictwo C.H. Beck4pbl 0aSystem prawa prywatnegovt. 4 uhttp://koha.tu.koszalin.pl/cgi-bin/koha/opac-detail.pl?biblionumber=54507yKatalog online BPK